Una antropología del conocimiento (Record no. 13810)

MARC details
000 -LEADER
campo de control de longitud fija 00857nam a2200241 i 4500
001 - NÚMERO DE CONTROL
campo de control 13810
003 - IDENTIFICADOR DE NÚMERO DE CONTROL
campo de control ES-MaACL
005 - FECHA Y HORA DE LA ÚLTIMA TRANSACCIÓN
campo de control 20230906150652.0
007 - CAMPO FIJO DE DESCRIPCIÓN FÍSICA--INFORMACIÓN GENERAL
campo de control de longitud fija t|
008 - DATOS DE LONGITUD FIJA--INFORMACIÓN GENERAL
campo de control de longitud fija 980707s1981 sp ||||1| spa d
020 ## - NÚMERO INTERNACIONAL ESTÁNDAR DEL LIBRO
Número Internacional Estándar del Libro 84-85281-30-6
080 ## - NÚMERO DE LA CLASIFICACIÓN DECIMAL UNIVERSAL
Número de la Clasificación Decimal Universal 1 Spinoza, Benedictus
100 1# - ENTRADA PRINCIPAL--NOMBRE DE PERSONA
Nombre de persona Tejedor Campomanes, César.
9 (RLIN) 109575
245 14 - MENCIÓN DEL TÍTULO
Título Una antropología del conocimiento
Resto del título : estudio sobre Spinoza /
Mención de responsabilidad, etc. César Tejedor Campomanes.
260 ## - PUBLICACIÓN, DISTRIBUCIÓN, ETC.
Lugar de publicación, distribución, etc. Madrid :
Nombre del editor, distribuidor, etc. Universidad Pontificia de Comillas,
Fecha de publicación, distribución, etc. 1981.
300 ## - DESCRIPCIÓN FÍSICA
Extensión 287 p. ;
Dimensiones 24 cm.
490 1# - MENCIÓN DE SERIE
Mención de serie Estudios ;
Designación de volumen o secuencia 20.
Mención de serie Filosofía y Letras
-- 8, 1,5
504 ## - NOTA DE BIBLIOGRAFÍA, ETC.
Nota de bibliografía, etc. Bibliografía : p. 274-287.
600 14 - PUNTO DE ACCESO ADICIONAL DE MATERIA--NOMBRE DE PERSONA
Nombre de persona Spinoza, Benedictus de-
Subdivisión general Crítica e interpretación.
9 (RLIN) 107753
830 0# - PUNTO DE ACCESO ADICIONAL DE SERIE-TÍTULO UNIFORME
Título uniforme Estudios ;
Designación de volumen o secuencia 20.
Título uniforme Filosofía y Letras
Subcampo de control 8, 1,5
9 (RLIN) 228462
852 ## - LOCALIZACIÓN
Ubicación ES-MaACL
Número de control de estantería L-21210
Sublocalización o colección R.111641
Holdings
Estatus retirado Estado de pérdida Estado de daño No para préstamo Biblioteca de origen Biblioteca actual Ubicación en estantería Fecha de adquisición Fuente de adquisición Total de préstamos Signatura topográfica completa Código de barras Visto por última vez Precio de reemplazo Tipo de ítem Koha
        Biblioteca del Ateneo de Madrid Biblioteca del Ateneo de Madrid Depósito 2 17/01/2008     L-21210 1014054 23/02/2023 23/02/2023 Libro impreso